Celebrities From Negatives Quiz Stats

 Plays Quiz Updated Jun 24, 2014

Support Sporcle.
Go Orange.
Score 0/20 Timer 07:00
0 Plays Today
% Correct
Justin Bieber
98.5%
Barack Obama
92.8%
Tiger Woods
86.4%
Rihanna
85.8%
John Lennon
84.4%
Johnny Depp
74.2%
Margaret Thatcher
70.9%
Madonna
66.7%
David Beckham
63.9%
Marilyn Monroe
62.3%
% Correct
Hugh Laurie
54.3%
Jerry Springer
52.3%
Angelina Jolie
48.8%
Keanu Reeves
48.8%
Tom Cruise
44.6%
Sandra Bullock
41.3%
Björk
31.4%
Christina Aguilera
24.4%
J.K. Rowling
12.7%
Sarah Michelle Gellar
8.9%

You're not logged in!

Compare scores with friends on all Sporcle quizzes.
OR
Log In

From the Vault

Tiny Almost Useless Trivia III

by sproutcm

We have to wonder if this information would be a little more useful if it were larger.
Remove Ads.
Support Sporcle.
Get the best of Sporcle when you Go Orange. This ad-free experience offers more features, more stats, and more fun while also helping to support Sporcle. Thank you for becoming a member.

Show Comments

Extras

Top Quizzes Today


Score Distribution

Your Account Isn't Verified!

In order to create a playlist on Sporcle, you need to verify the email address you used during registration. Go to your Sporcle Settings to finish the process.

Report this User

Report this user for behavior that violates our Community Guidelines.

Details: